Регионална библиотека "Любен Каравелов" - Русе

Кварталът на писателите (Запис номер 514877)

MARC детайли
000 -Лидер
Контролно поле с фиксирана дължина 01054nam a2200289 a 4500
003 - Код на организацията, давaща контролен номер
Контролно поле BLK
005 - Дата и час на последна редакция
Контролно поле 20250605145334.0
008 - Елементи от данни с фиксирана дължина
fixed length control field 180411b bul|||||r ||||||| ||bul||
020 ## - Международен стандартен номер на книга ISBN
Международен стандартен номер на книга ISBN 9786191711710
040 ## - Източник на каталожния запис
Идентификатор на билиотеката - собственик на записа BLK
041 ## - Код за език
Код за езика на текст/звукозапис или на отделно заглавие Български
Код за езика КДБФ Български
080 ## - УДК
Текстов определител УДК Българска литература
УДК код - определител по УДК 821.163.2
УДК - код + определител 821.163.2-94
080 ## - УДК
Текстов определител УДК Краезнание
УДК код - определител по УДК 908
УДК - код + определител 908(497.2-25)
100 ## - Редна дума - Автор
Автор Топалов, Виктор Елинов
R(LIN) 489946
139 ## - Редно поле
Авторски знак Топ - Т 74
245 10 - Сведения за заглавието
Заглавие Кварталът на писателите
Подзаглавни данни Пътеводител на бохемска София
Редно поле (дума) Виктор Топалов ; предг. Румяна Пашалийска
257 ## - Страна на издаване
Страна на създаване/издаване България
260 ## - Област на издателските данни
Място на издаване, разпространение и проч. София
Име на издателя, разпространителя и проч. Orange Books
Година на издаване 2024
9 (RLIN) 218251
Издателство - префикс ISBN 978-619-171-
300 ## - Физическа характеристика
Страници 288 с. : с ил., портр.
Размери/Мащаб 21 см
380 ## - Жанр
Жанр Худож. лит.
700 1# - Други автори (авторска отговорност)
9 (RLIN) 107420
Лично име Пашалийска, Румяна Мирчева
852 ## - Местоположение
Форматна сигнатура Цб 325097
Фондова буква Хранилище
856 4# - Електронен адрес и достъп
Електронен формат pdf - файл
856 4# - Електронен адрес и достъп
Електронен формат pdf - файл
942 ## - АРТИКУЛИ
Вид на библиотечния материал Книги
Скрит в OPAC Не
Koha issues (borrowed), all copies 22
944 ## - СЪЗДАВАНЕ И РЕДАКЦИЯ на ЗАПИСА
Създаване/Редакция Редакция
Служител, извършил регистрацията/редакцията 30531
Статус, дата на статуса Цветелина Шанова
999 ## - СИСТЕМНИ КОНТРОЛНИ НОМЕРА
Koha biblionumber 514877
Koha biblioitemnumber 514877
Наличности
Код за отписване Код за изгубен артикул Източник на класификационната схема Код за повреда Код за отдаване Артикулен № Име на библиотеката - собственик Име на библиотеката, в която се намира в момента Статус (Текущо местоположение) Дата на вписване в системата Местоположение - отдел Цена в лева Инвентарен номер Систематично азбучна сигнатура Баркод Цена в евро Служебен тип на артикула Коз за рестрикции
  Не е изгубен Universal Decimal Classification Не е повреден заемане за дома 946331 Регионална библиотека "Любен Каравелов" Русе Регионална библиотека "Любен Каравелов" Русе Заемна - подръчен фонд 2024-08-06 Заемна - подръчен фонд 16.10 120000911278 821.163.2-94/Т 74 В 120000911278 8.23 Книги  
  Не е изгубен Universal Decimal Classification Не е повреден ползва се в читалня 953637 Регионална библиотека "Любен Каравелов" Русе Регионална библиотека "Любен Каравелов" Русе Хранилище 2024-11-01 Хранилище 23.00 120000914424 Цб 325097 120000914424 11.76 Книги само за читалня
Vip Innovations Ltd, Rousse, Bulgaria 2025